[Event "Saint John op-2"]
[Site "Saint John CAN"]
[Date "1988.??.??"]
[Round "?"]
[White "Wilder, Michael"]
[Black "Gallagher, Joseph G"]
[Result "0-1"]
[WhiteElo "2535"]
[BlackElo "2480"]
[PlyCount "164"]
[GameId "2160767912586959"]
[EventDate "1988.02.08"]
[EventType "swiss"]
[EventRounds "9"]
[EventCountry "CAN"]
[SourceTitle "CBM 006"]
[Source "ChessBase"]
[SourceDate "2004.01.01"]
[SourceVersion "1"]
[SourceVersionDate "2004.01.01"]
[SourceQuality "1"]

1. d4 Nf6 2. c4 g6 3. Nc3 Bg7 4. e4 d6 5. Be2 O-O 6. Bg5 Nbd7 7. Qd2 e5 8. d5 Nc5 9. f3 a5 10. h4 c6 11. g4 cxd5 12. cxd5 Bd7 13. Nh3 a4 14. Nf2 Qa5 15. Ncd1 Qxd2+ 16. Bxd2 Rfc8 17. Ne3 b5 18. Nd3 Nxd3+ 19. Bxd3 Ne8 20. Ke2 Bf6 21. g5 Bd8 22. Ng4 Bb6 23. h5 Bxg4 24. fxg4 Bd4 25. Rab1 Rab8 26. b4 axb3 27. Rxb3 Ra8 28. Bxb5 Rxa2 29. Bc6 gxh5 30. gxh5 Nc7 31. Rhb1 Na6 32. Ke1 Nc5 33. Rb8 Rxb8 34. Rxb8+ Kg7 35. Bb5 Rb2 36. Bc1 Rb1 37. Kd2 Nxe4+ 38. Kc2 Rxc1+ 39. Kxc1 Nxg5 40. Bd3 e4 41. Bc2 f5 42. Kd2 Bc5 43. Ke2 f4 44. Bxe4 Nxe4 45. Kf3 Nf6 46. Kxf4 Kh6 47. Kf5 Nxd5 48. Rb7 Ne3+ 49. Ke4 Nf1 50. Kf4 Bd4 51. Kg4 Be5 52. Rb3 Ng3 53. Re3 Kg7 54. Kg5 h6+ 55. Kg4 Kf6 56. Rb3 Ne4 57. Rb4 Ng5 58. Rb8 Ne6 59. Rb5 Bf4 60. Rf5+ Ke7 61. Ra5 Bg5 62. Kf5 Kf7 63. Ra7+ Be7 64. Ra1 Ng7+ 65. Kg4 Bf6 66. Re1 Be5 67. Rf1+ Ke6 68. Rf8 Bf6 69. Ra8 Bg5 70. Rf8 d5 71. Rg8 Nf5 72. Re8+ Ne7 73. Kf3 Kf5 74. Rh8 d4 75. Rf8+ Bf6 76. Rd8 Nc6 77. Rd6 Ne5+ 78. Ke2 Ng4 79. Kf3 Kg5 80. Re6 Kxh5 81. Re4 Ne5+ 82. Kf4 Nf7 0-1

[Event "Saint John op-2"]
[Site "Saint John CAN"]
[Date "1988.??.??"]
[Round "?"]
[White "Wilder, Michael"]
[Black "Hamilton, Robert"]
[Result "1-0"]
[WhiteElo "2535"]
[BlackElo "2365"]
[PlyCount "77"]
[GameId "2160767912586960"]
[EventDate "1988.02.08"]
[EventType "swiss"]
[EventRounds "9"]
[EventCountry "CAN"]
[SourceTitle "CBM 06"]

1. d4 Nf6 2. c4 c5 3. d5 d6 4. Nc3 g6 5. e4 Bg7 6. Bd3 O-O 7. Nge2 e6 8. O-O exd5 9. cxd5 b6 10. a4 Na6 11. h3 Nb4 12. Bc4 Ba6 13. Bxa6 Nxa6 14. Bg5 h6 15. Be3 Nb4 16. Qd2 Re8 17. f3 h5 18. Rad1 Nd7 19. Bg5 Qc7 20. Bh6 Bh8 21. f4 c4 22. e5 Qc5+ 23. Kh1 Nd3 24. Ne4 Qxd5 25. Nxd6 Red8 26. Nc3 Qc6 27. b3 N7xe5 28. fxe5 Nxe5 29. bxc4 Nxc4 30. Qf4 Nxd6 31. Rxd6 Qe8 32. Nd5 Rxd6 33. Qxd6 Qe6 34. Nf6+ Bxf6 35. Qxe6 fxe6 36. Rxf6 Re8 37. Rxg6+ Kf7 38. Rg7+ Kf6 39. Rxa7 1-0

[Event "Saint John op-2"]
[Site "Saint John CAN"]
[Date "1988.??.??"]
[Round "?"]
[White "Zapata, Alonso"]
[Black "Andonov, Bogomil"]
[Result "1-0"]
[WhiteElo "2500"]
[BlackElo "2420"]
[PlyCount "65"]
[GameId "2160767912586961"]
[EventDate "1988.02.08"]
[EventType "swiss"]
[EventRounds "9"]
[EventCountry "CAN"]
[SourceTitle "CBM 06"]

1. e4 c5 2. Nf3 e6 3. d4 cxd4 4. Nxd4 d6 5. c4 Nf6 6. Nc3 b6 7. g3 Bb7 8. Bg2 a6 9. O-O Qc7 10. Be3 Nbd7 11. Rc1 Rc8 12. b3 Qb8 13. Re1 Be7 14. f4 Qa8 15. Bf2 h6 16. Qe2 O-O 17. g4 g5 18. f5 e5 19. Nc2 b5 20. Ne3 b4 21. Ncd5 Nxd5 22. exd5 f6 23. Nc2 a5 24. Nd4 Rfe8 25. Ne6 Bd8 26. Qd3 Bb6 27. Bxb6 Nxb6 28. Qh3 Nd7 29. Re3 Qa7 30. Rce1 Re7 31. Qxh6 Rh7 32. Qg6+ Kh8 33. Kf1 1-0

[Event "Saint John op-2"]
[Site "Saint John CAN"]
[Date "1988.??.??"]
[Round "?"]
[White "Zapata, Alonso"]
[Black "Delaune, Richard K"]
[Result "1-0"]
[WhiteElo "2500"]
[BlackElo "2405"]
[PlyCount "72"]
[GameId "2160767912586962"]
[EventDate "1988.02.08"]
[EventType "swiss"]
[EventRounds "9"]
[EventCountry "CAN"]
[SourceTitle "CBM 006"]
[Source "ChessBase"]
[SourceDate "2004.01.01"]
[SourceVersion "1"]
[SourceVersionDate "2004.01.01"]
[SourceQuality "1"]

1. e4 e5 2. Nf3 Nc6 3. Bb5 Nd4 4. Nxd4 exd4 5. O-O Bc5 6. c3 c6 7. Bc4 d6 8. d3 Qf6 9. a4 a5 10. Nd2 Ne7 11. Nb3 O-O 12. Nxc5 dxc5 13. Qh5 Qd6 14. cxd4 cxd4 15. b3 c5 16. f4 Be6 17. f5 Bxc4 18. bxc4 f6 19. Rb1 b6 20. Rf3 Rf7 21. Rh3 g6 22. fxg6 Nxg6 23. Rg3 f5 24. exf5 Qe5 25. Bh6 Qxf5 26. Qe2 Qd7 27. Re1 Qc6 28. h4 Kh8 29. h5 Re7 30. Qxe7 Nxe7 31. Bg7+ Kg8 32. Rxe7 Re8 33. Be5+ Kf8 34. Rc7 Qh6 35. Bg7+ Qxg7 36. Rgxg7 Re1+ 1-0

[Event "Saint John op-2"]
[Site "Saint John CAN"]
[Date "1988.??.??"]
[Round "?"]
[White "Zapata, Alonso"]
[Black "La Rota, Fabio"]
[Result "1-0"]
[WhiteElo "2500"]
[BlackElo "2295"]
[PlyCount "147"]
[GameId "2160767912586963"]
[EventDate "1988.02.08"]
[EventType "swiss"]
[EventRounds "9"]
[EventCountry "CAN"]
[SourceTitle "CBM 06"]

1. e4 c6 2. d4 d5 3. Nc3 dxe4 4. Nxe4 Nf6 5. Nxf6+ exf6 6. Bc4 Bd6 7. Ne2 Qc7 8. Ng3 O-O 9. O-O Rd8 10. Qh5 Be6 11. Bxe6 fxe6 12. Re1 Qf7 13. Qg4 f5 14. Qh4 Nd7 15. Bf4 Be7 16. Bg5 Nf6 17. c3 h6 18. Bxf6 Bxf6 19. Qf4 Rd5 20. Re2 c5 21. dxc5 Rxc5 22. Rae1 Rc6 23. Rd1 Rac8 24. Qf3 Rd8 25. Red2 Rxd2 26. Rxd2 Qc7 27. Nf1 Bg5 28. Rd3 Rb6 29. b3 Ra6 30. a4 Rc6 31. c4 a5 32. Qd1 Rb6 33. g3 Qc6 34. Nd2 Kh7 35. Nb1 Qc5 36. Nc3 Bf6 37. Nb5 Rc6 38. Rd7 b6 39. Qf3 Rc8 40. Rd6 Qe5 41. Qe3 Qa1+ 42. Kg2 e5 43. Qf3 Rf8 44. Rxb6 Qb1 45. Nc3 Qc2 46. Nd5 Bg5 47. h4 Bc1 48. Rb7 Bb2 49. Ne3 Qb1 50. Ra7 Kh8 51. g4 Ba3 52. Rb7 e4 53. Qf4 fxg4 54. Qxg4 Qb2 55. Nd1 Qe5 56. Rb5 Qa1 57. Rd5 Bb4 58. Qxe4 Qa2 59. Qd3 Be7 60. h5 Qa1 61. Ne3 Qe1 62. Qd2 Qb1 63. Qd3 Qb2 64. Rf5 Rb8 65. Rxa5 Rxb3 66. Qe4 Bf8 67. Rb5 Qa3 68. Qe8 Kg8 69. Nf5 Rf3 70. Qe4 Rb3 71. Qe6+ Kh7 72. Qg6+ Kh8 73. Qf7 Rh3 74. Nxh6 1-0

[Event "Saint John op-2"]
[Site "Saint John CAN"]
[Date "1988.??.??"]
[Round "?"]
[White "Zapata, Alonso"]
[Black "O'Donnell, Tom"]
[Result "1/2-1/2"]
[WhiteElo "2500"]
[BlackElo "2340"]
[PlyCount "55"]
[GameId "2160767912586964"]
[EventDate "1988.02.08"]
[EventType "swiss"]
[EventRounds "9"]
[EventCountry "CAN"]
[SourceTitle "CBM 06"]

1. e4 Nc6 2. Nf3 e5 3. Bb5 Nge7 4. O-O g6 5. c3 Bg7 6. d4 exd4 7. cxd4 d5 8. exd5 Nxd5 9. Re1+ Be6 10. Ne5 O-O 11. Bxc6 bxc6 12. Nd2 Ne7 13. Ne4 Nf5 14. Be3 Nxe3 15. Rxe3 Bxe5 16. dxe5 Qxd1+ 17. Rxd1 Rfd8 18. Rc1 Bxa2 19. h3 Rdb8 20. Rxc6 Rxb2 21. Rxc7 a5 22. f4 Be6 23. Nc5 a4 24. Nxe6 fxe6 25. Ra3 Rb4 26. g3 Rb2 27. Rd3 a3 28. Rdd7 1/2-1/2

[Event "Saint John op-2"]
[Site "Saint John CAN"]
[Date "1988.??.??"]
[Round "?"]
[White "Zapata, Alonso"]
[Black "Toshkov, Tihomir"]
[Result "0-1"]
[WhiteElo "2500"]
[BlackElo "2395"]
[PlyCount "90"]
[GameId "2160767912586965"]
[EventDate "1988.02.08"]
[EventType "swiss"]
[EventRounds "9"]
[EventCountry "CAN"]
[SourceTitle "CBM 06"]

1. e4 c5 2. Nf3 d6 3. d4 cxd4 4. Nxd4 Nf6 5. Nc3 a6 6. a4 e6 7. Be2 Be7 8. O-O O-O 9. Be3 Qc7 10. a5 Nbd7 11. Nb3 Qb8 12. f4 Bd8 13. Bf3 b5 14. axb6 Bxb6 15. Qd2 e5 16. Bxb6 Qxb6+ 17. Kh1 Rb8 18. Rfd1 exf4 19. Qxf4 Ne5 20. Rd4 Be6 21. Nd5 Bxd5 22. exd5 Rfe8 23. Be2 Ng6 24. Qf1 Qc7 25. Bd3 Ne5 26. h3 Nfd7 27. Rxa6 Nc5 28. Nxc5 Qxc5 29. Rf4 Rxb2 30. Be4 g6 31. Ra1 Reb8 32. Rh4 Qe3 33. Rd1 R2b4 34. c4 Rxc4 35. Re1 Qg3 36. Rf4 f5 37. Rf3 Nxf3 38. Bxf3 Rcb4 39. Rd1 Qe5 40. Qd3 Rb3 41. Qc2 Rb2 42. Qd3 R8b3 43. Qf1 Re3 44. Rc1 Rb8 45. Qf2 Re8 0-1

[Event "Saint John op-2"]
[Site "Saint John CAN"]
[Date "1988.02.08"]
[Round "1"]
[White "Nickoloff, Bryon"]
[Black "Torre, Eugenio"]
[Result "1/2-1/2"]
[WhiteElo "2390"]
[BlackElo "2606"]
[PlyCount "137"]
[GameId "2160767912586966"]
[EventDate "1988.02.08"]
[EventType "swiss"]
[EventRounds "9"]
[EventCountry "CAN"]
[SourceTitle "CBM 06"]

1. d4 c5 2. e4 cxd4 3. Nf3 Nc6 4. Nxd4 Nf6 5. Nc3 d6 6. Be3 Ng4 7. Bb5 Nxe3 8. fxe3 Bd7 9. Bxc6 bxc6 10. O-O e6 11. Qf3 Qf6 12. Qxf6 gxf6 13. Rxf6 Bg7 14. Rff1 Rb8 15. Nd1 c5 16. Nf3 Ke7 17. Rb1 Bc6 18. Nd2 Rhg8 19. b3 Be5 20. g3 h5 21. Kf2 h4 22. Rg1 hxg3+ 23. hxg3 Rg4 24. Ke2 Rbg8 25. b4 Rxg3 26. Rxg3 Rxg3 27. bxc5 dxc5 28. Nc4 Bc7 29. Nc3 a6 30. Rb3 Rg2+ 31. Kd3 Rg8 32. Nb2 Rg4 33. Nc4 Kd7 34. Nb6+ Kd8 35. Nc4 Ke7 36. Ra3 Bb5 37. Rb3 Bd7 38. Nb6 Bc6 39. Nc4 f5 40. exf5 exf5 41. Nd2 Rg3 42. Ne2 Rh3 43. Ng1 Rh2 44. c3 Rg2 45. Ngf3 Bxf3 46. Nxf3 Rxa2 47. Rb1 Ra3 48. Kc4 Kd6 49. Nd2 Ra4+ 50. Kb3 Rh4 51. Rf1 Ke6 52. Rg1 Kf7 53. Rg5 Kf6 54. Rg8 a5 55. Ra8 Ke6 56. Ra6+ Kd7 57. Rf6 Rh5 58. Nc4 Rh4 59. Nd2 f4 60. exf4 Bxf4 61. Nc4 Bc7 62. Ra6 Rh3 63. Nxa5 Be5 64. Kc4 Rxc3+ 65. Kd5 Bd4 66. Ra7+ Ke8 67. Nc6 Rd3 68. Nxd4 cxd4 69. Ra4 1/2-1/2

[Event "Saint John op-2"]
[Site "Saint John CAN"]
[Date "1988.02.09"]
[Round "2"]
[White "Watson, William"]
[Black "Nickoloff, Bryon"]
[Result "0-1"]
[WhiteElo "2585"]
[BlackElo "2390"]
[PlyCount "120"]
[GameId "2160767912586967"]
[EventDate "1988.02.08"]
[EventType "swiss"]
[EventRounds "9"]
[EventCountry "CAN"]
[SourceTitle "CBM 06"]

1. e4 e5 2. Nf3 Nc6 3. Bb5 a6 4. Ba4 Nf6 5. O-O Be7 6. Re1 b5 7. Bb3 d6 8. c3 O-O 9. h3 Nd7 10. d4 Bf6 11. Be3 Na5 12. Bc2 Nc4 13. Bc1 exd4 14. cxd4 c5 15. a4 cxd4 16. axb5 Qb6 17. Ra4 Qc5 18. Nbd2 Nxd2 19. Bxd2 Qxb5 20. Nxd4 Qxb2 21. Rb4 Qa3 22. Re3 Qa5 23. Rb8 Qc7 24. Rxa8 Bxd4 25. Rg3 Nb6 26. Bh6 Bf6 27. e5 dxe5 28. Qf3 Qd8 29. Qe4 g6 30. Bb3 Nxa8 31. Bxf8 Kxf8 32. Qxa8 Qc7 33. Qd5 Kg7 34. Qc4 Qb7 35. Qd5 Qa7 36. Rc3 Be6 37. Qc6 Bxb3 38. Rxb3 Qd4 39. Rb1 a5 40. Rb8 e4 41. Ra8 Bh4 42. Qc2 e3 43. g3 Bxg3 44. fxe3 Qxe3+ 45. Kg2 Bf4 46. Rxa5 Qg3+ 47. Kf1 Qxh3+ 48. Qg2 Qc3 49. Rd5 Qc4+ 50. Kf2 Qc2+ 51. Kf3 Qxg2+ 52. Kxg2 h5 53. Kf3 g5 54. Ra5 Kg6 55. Ke4 h4 56. Ra6+ f6 57. Ra8 f5+ 58. Kf3 Be5 59. Ra6+ Kf7 60. Ra4 h3 0-1

[Event "Saint John op-2"]
[Site "Saint John CAN"]
[Date "1988.02.12"]
[Round "5"]
[White "Pacey, Kevin"]
[Black "Nickoloff, Bryon"]
[Result "0-1"]
[WhiteElo "2242"]
[BlackElo "2390"]
[PlyCount "114"]
[GameId "2160767912586970"]
[EventDate "1988.02.08"]
[EventType "swiss"]
[EventRounds "9"]
[EventCountry "CAN"]
[SourceTitle "CBM 06"]

1. e4 e5 2. Nf3 Nc6 3. Bc4 Nf6 4. d3 h6 5. O-O d6 6. c3 g6 7. d4 Qe7 8. Re1 Bg7 9. Nbd2 O-O 10. d5 Nd8 11. Bf1 Nh7 12. c4 f5 13. b3 f4 14. h3 g5 15. Nh2 Nf6 16. Be2 Qf7 17. Ba3 b6 18. Bb2 h5 19. b4 Qg6 20. f3 Nf7 21. c5 Kh8 22. cxd6 cxd6 23. Rc1 Rg8 24. Rc7 Ne8 25. Rc3 Bd7 26. b5 Bf6 27. Ba3 Nd8 28. Bb4 Nb7 29. Rc6 Bxc6 30. dxc6 Nc5 31. Nc4 Rd8 32. a4 Nc7 33. a5 bxa5 34. Bxa5 N5e6 35. Qa4 d5 36. exd5 Rxd5 37. Bxc7 Nxc7 38. Qxa7 Nxb5 39. Qb6 e4 40. Kh1 Bd8 41. c7 Bxc7 42. Qxg6 Rxg6 43. fxe4 Rc5 44. Bxh5 Rgc6 45. Nd2 Rc1 46. Rf1 Rxf1+ 47. Nhxf1 Nd4 48. Nf3 Rc1 49. Nxd4 Rxf1+ 50. Kh2 f3+ 51. g3 f2 52. Kg2 Ra1 53. Be2 Bb6 54. Ne6 Rg1+ 55. Kf3 f1=Q+ 56. Bxf1 Rxf1+ 57. Kg4 Rg1 0-1

[Event "Saint John op-2"]
[Site "Saint John CAN"]
[Date "1988.02.14"]
[Round "7"]
[White "Scholseth, Tor Kristian"]
[Black "Nickoloff, Bryon"]
[Result "0-1"]
[WhiteElo "2315"]
[BlackElo "2390"]
[PlyCount "120"]
[GameId "2160767912586973"]
[EventDate "1988.02.08"]
[EventType "swiss"]
[EventRounds "9"]
[EventCountry "CAN"]
[SourceTitle "CBM 06"]

1. d4 Nf6 2. c4 g6 3. Nf3 Bg7 4. g3 O-O 5. Bg2 c5 6. O-O cxd4 7. Nxd4 Nc6 8. Nc3 Ng4 9. Nb3 Nge5 10. c5 Na5 11. Nd5 Nec6 12. Rb1 Nxb3 13. Qxb3 d6 14. cxd6 Qxd6 15. Rd1 Nd4 16. Qd3 Bg4 17. Bf4 Qe6 18. e3 Be2 19. Qe4 Qxe4 20. Bxe4 Nf3+ 21. Kg2 e5 22. Bxf3 Bxd1 23. Rxd1 exf4 24. Nxf4 Rad8 25. Rxd8 Rxd8 26. Bxb7 Rd2 27. Ba6 Rxb2 28. Bc4 Bc3 29. Bb3 Rd2 30. Nd5 Be5 31. Ne7+ Kf8 32. Nc6 Bc7 33. Kf3 a6 34. h4 Rd6 35. Nb4 f5 36. Bc4 a5 37. Nd5 Bb6 38. a4 Ba7 39. Nf4 Ke7 40. Nd5+ Ke8 41. Nf4 Ke7 42. Nd5+ Ke6 43. Nf4+ Kf6 44. Nd3 Rc6 45. Bb5 Rc2 46. Ba6 Bb8 47. Bb5 Bd6 48. Ba6 Ke6 49. Bb5 Kd5 50. Ba6 Rc3 51. Nf4+ Bxf4 52. gxf4 Rb3 53. Ke2 Rb2+ 54. Kd3 Rxf2 55. Bc4+ Kd6 56. Bg8 h5 57. Bf7 Rg2 58. e4 fxe4+ 59. Kxe4 Rg4 60. Be8 Ke7 0-1

[Event "Saint John op-2"]
[Site "Saint John CAN"]
[Date "1988.02.17"]
[Round "9"]
[White "Nickoloff, Bryon"]
[Black "Basanta, Gary"]
[Result "1-0"]
[WhiteElo "2390"]
[BlackElo "2329"]
[PlyCount "57"]
[GameId "2160767912586975"]
[EventDate "1988.02.08"]
[EventType "swiss"]
[EventRounds "9"]
[EventCountry "CAN"]
[SourceTitle "CBM 06"]

1. d4 c5 2. d5 Nf6 3. c4 b5 4. cxb5 a6 5. e3 axb5 6. Bxb5 Qa5+ 7. Nc3 Bb7 8. Nge2 Nxd5 9. O-O e6 10. e4 Nxc3 11. Nxc3 Be7 12. Bf4 Nc6 13. a4 Qd8 14. Bc4 O-O 15. Nb5 e5 16. Bg3 Nd4 17. Bxe5 Nxb5 18. Qg4 Bf6 19. Bxf6 Qxf6 20. Bxb5 Qxb2 21. Qxd7 Bxe4 22. Qe7 Qb4 23. Rac1 Rxa4 24. Bxa4 Qxa4 25. Rfe1 Ba8 26. Rxc5 Rb8 27. Rc4 Qb5 28. Rb4 Qxb4 29. Qxb4 1-0

[Event "Semi-rapide 1988.02.20"]
[Site "Montreal CAN"]
[Date "1988.02.20"]
[Round "1"]
[White "Charest, Johanne"]
[Black "Treiber, Herve"]
[Result "0-1"]
[WhiteElo "1396"]
[BlackElo "1443"]
[PlyCount "68"]
[GameId "2160767912586544"]
[EventDate "1988.02.20"]
[EventType "swiss (rapid)"]
[EventRounds "6"]
[EventCountry "CAN"]

1. e4 c6 2. d4 d5 3. e5 Bf5 4. Nf3 h6 5. c3 e6 6. Nbd2 c5 7. Be2 Nc6 8. Nb3 cxd4 9. cxd4 Bb4+ 10. Bd2 a6 11. O-O Nge7 12. a3 Bxd2 13. Qxd2 O-O 14. h3 Qb6 15. Nc5 Rfc8 16. b4 Qa7 17. Rfc1 b6 18. Nxa6 Be4 19. b5 Bxf3 20. Bxf3 Nf5 21. Rxc6 Rxc6 22. bxc6 Qxa6 23. Be2 Qa4 24. c7 Nxd4 25. Rc1 Nxe2+ 26. Qxe2 Rc8 27. Qb2 Qa7 28. Qc3 Kf8 29. Qb4+ Ke8 30. Qd6 Qb7 31. a4 d4 32. Qxd4 Rxc7 33. Rd1 Rd7 34. Qg4 h5 0-1

[Event "Semi-rapide 1988.02.20"]
[Site "Montreal CAN"]
[Date "1988.02.20"]
[Round "2"]
[White "De Benedetti, Steve"]
[Black "Charest, Johanne"]
[Result "0-1"]
[WhiteElo "1638"]
[BlackElo "1396"]
[PlyCount "69"]
[GameId "2160767912586545"]
[EventDate "1988.02.20"]
[EventType "swiss (rapid)"]
[EventRounds "6"]
[EventCountry "CAN"]

1. e4 e5 2. f4 f5 3. exf5 exf4 4. Qh5+ g6 5. fxg6 Qe7+ 6. Be2 Kd8 7. Nf3 Nf6 8. Qh4 Bg7 9. Nc3 hxg6 10. Qxf4 Nc6 11. O-O d6 12. Bc4 Bf5 13. Re1 Qf8 14. Ng5 Nh5 15. Qh4 Kc8 16. Nf3 Bf6 17. Qf2 Nf4 18. d4 Bh4 19. Qf1 Bxe1 20. Bxf4 Bh4 21. Nxh4 Rxh4 22. Bg5 Rxd4 23. Nb5 Rg4 24. h4 a6 25. Nc3 Kd7 26. Nd5 Rxc4 27. Nf6+ Kc8 28. Qxc4 Ne5 29. Qc3 Be6 30. Rf1 Bc4 31. Nd5 Qxf1+ 32. Kh2 Bxd5 33. Qh3+ Kb8 34. h5 gxh5 35. Qxh5 0-1

[Event "Semi-rapide 1988.02.20"]
[Site "Montreal CAN"]
[Date "1988.02.20"]
[Round "3"]
[White "Forget, Luc"]
[Black "Charest, Johanne"]
[Result "1-0"]
[WhiteElo "1676"]
[BlackElo "1396"]
[PlyCount "112"]
[GameId "2160767912586546"]
[EventDate "1988.02.20"]
[EventType "swiss (rapid)"]
[EventRounds "6"]
[EventCountry "CAN"]

1. d4 d5 2. c4 c6 3. Nf3 Nf6 4. Nc3 e6 5. e3 Nbd7 6. Bd3 dxc4 7. Bxc4 Bd6 8. O-O O-O 9. e4 e5 10. Re1 exd4 11. Nxd4 Qc7 12. g3 Re8 13. Bf1 h6 14. Ndb5 cxb5 15. Nxb5 Qc6 16. Nxd6 Re6 17. Nxc8 Rxc8 18. Bg2 Rd6 19. Qe2 Qc5 20. Be3 Qc7 21. Bf4 Re8 22. Red1 Ne5 23. Rxd6 Qxd6 24. Rd1 Qb6 25. b3 Neg4 26. h3 Ne5 27. Qc2 Nc6 28. a3 Nd4 29. Qb2 Nc6 30. Be3 Qc7 31. Qc2 a6 32. b4 Qe7 33. Bc5 Qe6 34. Re1 Nd5 35. Qc4 Nf6 36. Qxe6 Rxe6 37. f4 Nd7 38. e5 Nxc5 39. bxc5 g6 40. Rb1 Re7 41. Bxc6 bxc6 42. Rb8+ Kg7 43. Rc8 Re6 44. Ra8 Re7 45. Rxa6 Rc7 46. Kf2 Kf8 47. Ke3 Ke7 48. Ke4 Ke6 49. a4 Rc8 50. Ra7 h5 51. a5 f6 52. a6 fxe5 53. fxe5 g5 54. Rb7 g4 55. hxg4 hxg4 56. a7 Ra8 1-0

[Event "Semi-rapide 1988.02.20"]
[Site "Montreal CAN"]
[Date "1988.02.20"]
[Round "4"]
[White "Charest, Johanne"]
[Black "Nataf, Paul"]
[Result "0-1"]
[WhiteElo "1396"]
[BlackElo "1395"]
[PlyCount "104"]
[GameId "2160767912586547"]
[EventDate "1988.02.20"]
[EventType "swiss (rapid)"]
[EventRounds "6"]
[EventCountry "CAN"]

1. e4 d5 2. exd5 Nf6 3. Nc3 Nxd5 4. Bc4 Be6 5. Nxd5 Bxd5 6. Bxd5 Qxd5 7. Nf3 Qe4+ 8. Qe2 Qxe2+ 9. Kxe2 Nc6 10. d3 O-O-O 11. Re1 Nb4 12. Kd1 e6 13. a3 Nxd3 14. cxd3 Rxd3+ 15. Kc2 Rd5 16. Bf4 Bc5 17. Bg3 g5 18. Rac1 a5 19. h4 g4 20. Ng5 Rf5 21. Re2 Be7 22. Ne4 Rb5 23. Kb1 c6 24. Rce1 Bxa3 25. Rc2 Bb4 26. Rd1 Rd5 27. Rxd5 exd5 28. Nd6+ Bxd6 29. Bxd6 Re8 30. g3 Re1+ 31. Ka2 Kd7 32. Bc5 b6 33. Be3 c5 34. b3 d4 35. Bf4 Ke6 36. Bb8 d3 37. Rd2 Re2 38. Bf4 Kd5 39. Kb1 Ke4 40. Rd1 Rxf2 41. Kc1 Rc2+ 42. Kb1 b5 43. Bd6 c4 44. bxc4 bxc4 45. Bb8 c3 46. Bf4 Rf2 47. Re1+ Re2 48. Rf1 d2 49. Rd1 Re1 50. Kc2 Rxd1 51. Kxd1 Kd3 52. Bxd2 a4 0-1

[Event "Semi-rapide 1988.02.20"]
[Site "Montreal CAN"]
[Date "1988.02.20"]
[Round "6"]
[White "Lessard, Raynald"]
[Black "Charest, Johanne"]
[Result "0-1"]
[WhiteElo "1472"]
[BlackElo "1396"]
[PlyCount "115"]
[GameId "2160767912586549"]
[EventDate "1988.02.20"]
[EventType "swiss (rapid)"]
[EventRounds "6"]
[EventCountry "CAN"]

1. e4 e5 2. Nf3 Nc6 3. Bb5 a6 4. Ba4 Nf6 5. O-O Be7 6. c3 b5 7. Bc2 d6 8. d4 Bg4 9. Nbd2 exd4 10. cxd4 Nxd4 11. h3 Bh5 12. Re1 O-O 13. Nb3 Nxf3+ 14. gxf3 Nd7 15. Bf4 Bh4 16. Bg3 Qg5 17. Kh2 Bxg3+ 18. fxg3 Ne5 19. Nd2 Rae8 20. Qe2 Re6 21. Rg1 Rf6 22. Raf1 Re8 23. h4 Qh6 24. Qg2 Kh8 25. g4 Qf4+ 26. Kh1 Bg6 27. h5 Qh6 28. Qh2 Bxh5 29. gxh5 a5 30. Rg2 b4 31. b3 c6 32. f4 Nd7 33. Nc4 Ra8 34. e5 dxe5 35. Kg1 exf4 36. Qh4 f3 37. Rgf2 Rf4 38. Qg3 Nf6 39. Rxf3 Rg4 40. Qxg4 Nxg4 41. Rxf7 Nf6 42. R1xf6 Qg5+ 43. Kh2 gxf6 44. Rxh7+ Kg8 45. Bg6 Rd8 46. Rf7 Qh4+ 47. Kg2 Qg5+ 48. Kh2 Rd3 49. Bxd3 Qxh5+ 50. Kg3 Qxf7 51. Nxa5 Qc7+ 52. Kf2 Qxa5 53. Bc4+ Kg7 54. Ke3 Kg6 55. Kd4 Kf5 56. Bd3+ Kf4 57. Be4 Qe5+ 58. Kd3 0-1

[Event "Semi-rapide 1988.03.19"]
[Site "Montreal CAN"]
[Date "1988.03.19"]
[Round "1"]
[White "Charest, Johanne"]
[Black "Ghazarian, Arsene"]
[Result "0-1"]
[WhiteElo "1406"]
[BlackElo "1614"]
[PlyCount "79"]
[GameId "2160767912586446"]
[EventDate "1988.03.19"]
[EventType "swiss (rapid)"]
[EventRounds "6"]
[EventCountry "CAN"]

1. e4 e5 2. Nf3 Nc6 3. Bb5 a6 4. Ba4 Nf6 5. O-O Be7 6. Re1 b5 7. Bb3 O-O 8. c3 d6 9. h3 Na5 10. Bc2 c5 11. d3 Qc7 12. Nbd2 c4 13. d4 exd4 14. cxd4 Bb7 15. Nf1 Rfe8 16. Ng3 g6 17. Bh6 Bf8 18. Bxf8 Kxf8 19. d5 Qc5 20. Qd2 b4 21. a3 b3 22. Bd1 Kg7 23. Be2 Nxe4 24. Nxe4 Rxe4 25. Rac1 Qxd5 26. Qc3+ Kg8 27. Rcd1 Qc5 28. Rd4 Rae8 29. Rd2 R4e7 30. Nd4 Qg5 31. g3 Qc5 32. Rdd1 Bc8 33. Kg2 Bb7+ 34. Kh2 Nc6 35. Bf3 Rxe1 36. Rxe1 Rxe1 37. Qxe1 Qxd4 38. Qe8+ Kg7 39. Bxc6 Qxf2+ 40. Kh1 0-1

[Event "Semi-rapide 1988.03.19"]
[Site "Montreal CAN"]
[Date "1988.03.19"]
[Round "2"]
[White "Morin, Gaetan"]
[Black "Charest, Johanne"]
[Result "1-0"]
[WhiteElo "1559"]
[BlackElo "1406"]
[PlyCount "108"]
[GameId "2160767912586447"]
[EventDate "1988.03.19"]
[EventType "swiss (rapid)"]
[EventRounds "6"]
[EventCountry "CAN"]

1. d4 d5 2. c4 c6 3. Nc3 Nf6 4. Nf3 e6 5. Bf4 Nbd7 6. e3 Be7 7. c5 b6 8. b4 a5 9. a3 axb4 10. axb4 Rxa1 11. Qxa1 b5 12. Bd3 Bb7 13. O-O O-O 14. Qa7 Qa8 15. Ra1 h6 16. h3 Rc8 17. Nd1 Nf8 18. Nb2 N8d7 19. Bc2 Bf8 20. Nd3 g6 21. Nde5 Bg7 22. g4 g5 23. Bg3 Rd8 24. Kg2 Kf8 25. h4 gxh4 26. Bxh4 Re8 27. g5 hxg5 28. Bxg5 Kg8 29. Bf4 Kf8 30. Ng5 Nxe5 31. Bxe5 Ke7 32. Nf3 Rg8 33. Kf1 Rh8 34. Ke2 Rg8 35. Bf4 Kd7 36. Ne5+ Ke7 37. Nxc6+ Kd7 38. Qxa8 Rxa8 39. Rxa8 Bxa8 40. Ne5+ Ke7 41. Bd3 Nd7 42. Nxd7 Kxd7 43. Bxb5+ Bc6 44. Bd3 Kc8 45. b5 Be8 46. Kd2 Kb7 47. Kc3 f5 48. Bd6 Bf6 49. Kb4 Bd8 50. c6+ Kb6 51. f3 Bxc6 52. bxc6 Kxc6 53. Be5 Bg5 54. e4 dxe4 1-0

[Event "Semi-rapide 1988.04.23"]
[Site "Montreal CAN"]
[Date "1988.04.23"]
[Round "1"]
[White "Charest, Johanne"]
[Black "Revelle, Pete"]
[Result "1-0"]
[WhiteElo "1390"]
[BlackElo "1629"]
[PlyCount "83"]
[GameId "2160767912586385"]
[EventDate "1988.04.23"]
[EventType "swiss (rapid)"]
[EventRounds "6"]
[EventCountry "CAN"]

1. e4 e5 2. Nf3 Nc6 3. Bc4 Bc5 4. c3 Nf6 5. O-O d5 6. exd5 Na5 7. Bb5+ c6 8. dxc6 Nxc6 9. Nxe5 Qb6 10. Nxc6 bxc6 11. Qe2+ Be7 12. Re1 Be6 13. Bc4 Nd5 14. d4 O-O 15. Nd2 c5 16. dxc5 Bxc5 17. Ne4 Rfe8 18. Nxc5 Qxc5 19. Bxd5 Qxd5 20. Bf4 Bd7 21. Qd2 Qb7 22. Rad1 Rad8 23. Bg5 Rxe1+ 24. Rxe1 f6 25. Bf4 Kf7 26. Qe2 Bc6 27. f3 Re8 28. Qf2 Qb6 29. Rxe8 Kxe8 30. Qxb6 axb6 31. Bc7 b5 32. Kf2 Kd7 33. Ba5 Kd6 34. Ke3 Kd5 35. b3 Ke6 36. Bb4 Kd5 37. Bf8 g6 38. Bg7 f5 39. g3 Ke6 40. f4 Kd5 41. a3 Ke6 42. Kd4 1-0

[Event "Semi-rapide 1988.04.23"]
[Site "Montreal CAN"]
[Date "1988.04.23"]
[Round "2"]
[White "Charest, Johanne"]
[Black "Leroux, Louis"]
[Result "0-1"]
[WhiteElo "1390"]
[BlackElo "1634"]
[PlyCount "95"]
[GameId "2160767912586386"]
[EventDate "1988.04.23"]
[EventType "swiss (rapid)"]
[EventRounds "6"]
[EventCountry "CAN"]

1. e4 c5 2. Nf3 d6 3. d4 cxd4 4. Nxd4 Nf6 5. Nc3 g6 6. Be2 Bg7 7. Be3 O-O 8. f4 Nc6 9. O-O Qd7 10. h3 a6 11. Qd2 b5 12. a3 Bb7 13. Bf3 Rac8 14. Kh1 Rfd8 15. Rfd1 Qc7 16. Rac1 Nxd4 17. Bxd4 d5 18. exd5 Nxd5 19. Bxd5 Bxd5 20. Qe3 Bb7 21. Bxg7 Kxg7 22. Re1 Qc6 23. Qe5+ Kg8 24. Qe4 Rd2 25. Qxc6 Bxc6 26. Re2 Rxe2 27. Nxe2 Rd8 28. Nc3 Rd2 29. Re1 Rxg2 30. Rd1 Rd2+ 31. Kg1 Rxc2 32. Rd8+ Kg7 33. Rc8 Bf3 34. Rc7 Rxb2 35. Rxe7 Rb3 36. Ne4 Bxe4 37. Rxe4 Rxa3 38. Re2 Rxh3 39. Ra2 Rf3 40. Rxa6 Rxf4 41. Rb6 b4 42. Kg2 Kh6 43. Rb5 Kg7 44. Kg3 Rc4 45. Kf3 h5 46. Ke2 h4 47. Kd3 Rf4 48. Ke3 0-1